| 000 | 00580nam a2200205 u 4500 | ||
|---|---|---|---|
| 001 | 63154 | ||
| 005 | 20180714065449.0 | ||
| 008 | 150702s1991 mx r 000 0 spa d | ||
| 020 | _a968-23-1746-0 | ||
| 082 |
_a860 _bROB |
||
| 100 | 1 |
_aPcorza, Manuel _eautor |
|
| 245 | 1 | 0 | _aCantar de Agapito Robles. |
| 250 | _aPrimera edición | ||
| 264 |
_aMexico : _bSiglo Veintiuno _c1991 |
||
| 300 |
_a213 página ; _c21 cm. |
||
| 336 |
_atexto _2rdacontent |
||
| 337 |
_asin mediación _2rdamedia |
||
| 338 |
_avolumen _2rdacarrier |
||
| 490 | 1 | _aLa creación literaria | |
| 999 |
_c63154 _d63154 |
||